000 01146nam a2200325 i 4500
001 000018874
003 DO-SdBNP
005 20250930075019.0
007 ta
008 100520s1989 dr a 1 000 0bspa d
040 _aDO-SdBNP
_bspa
_cBNPHU
_erda
041 _aspa
082 4 _a923.57293
_bL965i
_222
245 0 0 _aIdeario de Luperón (1839-1897) /
_ccompilador, José Chez Checo ; ilustración, Dionisio Blanco.
264 4 _aSanto Domingo :
_bEdiciones de Taller,
_c©1989.
300 _a354 páginas :
_bilustraciones ;
_c23 cm.
336 _atexto
_btxt
_2rdaconten
337 _asin medición
_bn
_2rdamedia
338 _avolumen
_bnc
_2rdacarrier
500 _aIncluye índices
504 _aBibliografía : páginas 321-323
590 _aInventariado, 2023 / BT
600 1 4 _aLuperón, Gregorio,
_d1839-1897
_9888
651 4 _aRepública Dominicana
_xHistoria
_9170
651 4 _aRepública Dominicana
_vBiografías
_91083
700 1 _aChez Checo, José,
_d1949-
_ecompilador
_4comp.
_910145
700 1 _aBlanco, Dionisio,
_d1953-
_eilustrador
_4il.
_962064
910 _aValidado. Control de calidad de MMOLINA
942 _2ddc
_cLBS1
999 _c48985
_d48985